Chaîne de mots - Villes de France - Statistiques

Statistiques générales
  • Ce quiz a été pris 9 509 fois
  • Le résultat moyen est 10 sur 20
Statistiques - réponses
Indices Villes % Correct
Louis XIV a fait construire son château Versailles
85%
Deuxième aéroport le plus fréquenté de France Orly
82%
A déjà gagné la Ligue des champions Marseille
80%
Ville bretonne connue pour son club de foot En avant ________ Guingamp
77%
Détenue par l'Allemagne entre 1871 et 1919 Strasbourg
74%
Plus grande ville de la partie française de la Catalogne Perpignan
68%
Source d'une eau adaptée aux nourissons Evian-les-Bains
67%
Port breton, ancien repaire de corsaires Saint-Malo
64%
Ville du Nord où furent inventées les bêtises Cambrai
53%
On y trouve le plus grand port militaire français Toulon
52%
Chef-lieu en Océanie Nouméa
49%
Ville d'outre-mer ; ou ville où furent enterrés de nombreux rois Saint-Denis
39%
Réputée comme ville la plus froide de France, dans le Massif Central Aurillac
34%
Grande ville du Poitou, et 4ème place financière française après Paris, Lyon et Lille Niort
27%
Lieu d'une défaite majeure du 19ème siècle Sedan
27%
Nicolas Dupont-Aignan a été maire de cette commune d'Essonne Yerres
21%
Petit village du Lot, lieu de pèlerinage et classé à l'UNESCO Rocamadour
20%
Elle se trouve sur l'étang de Berre Istres
19%
Ville moyenne dans l'Anjou Saumur
17%
Capitale du duché d'Auvergne pendant plus de 3 siècles Riom
15%
Aucun quiz correspondant
Distribution des résultats
% des personnes avec chaque résultat
Percentile par nombre de réponses
Votre historique - résultats
Vous n’avez pas pris ce quiz